| 000 | 00841nas a2200253 4500 | ||
|---|---|---|---|
| 001 | BR2013007337 | ||
| 003 | BR-BrBNA | ||
| 005 | 20231205122927.0 | ||
| 007 | ta | ||
| 008 | 230509b bl.|||p| |||| 00| 00por d | ||
| 040 |
_aBR-BrBNA _bpor _cBiblioteca Nacional de Agricultura |
||
| 041 | _a(En) | ||
| 072 | _aP32 | ||
| 100 | 1 | _aCooper, M. | |
| 100 | 1 | _aVidal-Torrado, P. | |
| 100 | 1 | _aGrimaldi, M. | |
| 245 | 1 | _aSoil structure transformations from ferralic to nitic horizons on a toposequence in southeastern Brazil | |
| 650 | _aLATOSSOLO | ||
| 650 | _aGÊNESE DO SOLO | ||
| 773 | 0 |
_tRevista Brasileira de Ciência do Solo (Brazil) _xISSN 0100-0683 _g(Sep-Oct 2010), v. 34(5) p. 1685-1699 _wBR2013007337 |
|
| 856 | 4 | 0 | _uhttp://www.scielo.br/pdf/rbcs/v34n5/21.pdf |
| 909 |
_a202311 _bLúcia _c55 _dLúcia Elande |
||
| 942 |
_2AGRIS _n0 _cANA |
||
| 999 |
_c231305 _d231305 |
||